Sports Quiz

Random Sports or Country Quiz

Multiple Choice: 'B' Footballers's National XIs, Vol. 2 Quiz Stats

 Plays Quiz not verified by Sporcle

Score 0/25 Timer 06:00
0 Plays Today
Question Answer Wrong Answers
Gianluigi Buffon
1997
Italy
94.7%
Argentina
0.5%
Australia
0.3%
San Marino
0.6%
Michael Ballack
1999
Germany
92.9%
Bulgaria
0.6%
Latvia
0.5%
Poland
1.7%
Karim Benzema
2007
France
92.1%
Algeria
1.7%
Morocco
1.1%
Spain
1.2%
Angelos Basinas
1999
Greece
74.1%
Cyprus
9.7%
Italy
4.1%
Spain
7.9%
Claudio Bravo
2004
Chile
73.5%
Argentina
6.5%
Colombia
3.8%
Mexico
11.4%
Emilio Butragueño
1984
Spain
72.7%
Costa Rica
5.8%
Cuba
5.3%
Uruguay
11.1%
Vasili Berezutski
2003
Russia
71.7%
Belarus
13.3%
Estonia
3.8%
Lithuania
7.3%
Jesper Blomqvist
1994
Sweden
68.3%
Denmark
16.8%
Germany
1.4%
Norway
10%
Mbark Boussoufa
2006
Morocco
66.8%
Belgium
7.9%
Egypt
18.2%
Netherlands
2.7%
Diego Benaglio
2006
Switzerland
63.3%
Argentina
12.9%
Brazil
2.7%
Italy
17.3%
Jorge Burruchaga
1983
Argentina
61.4%
Andorra
6.1%
Portugal
10.5%
Spain
18.3%
Jared Borgetti
1997
Mexico
61.4%
Argentina
13.2%
Italy
18.2%
Panama
3%
Elyaniv Barda
2007
Israel
60.6%
Jordan
13.8%
Lebanon
12.3%
United States
8%
Krasimir Balakov
1988
Bulgaria
57%
Czechoslovakia
5.9%
Soviet Union
21.5%
Yugoslavia
11.7%
André Bergdølmo
1997
Norway
55.8%
Denmark
18.6%
Iceland
7.9%
Sweden
13.3%
Shaun Bartlett
1995
South Africa
55.5%
England
7.7%
New Zealand
15.9%
United States
16.1%
Valter Birsa
2006
Slovenia
55.3%
Croatia
11.5%
Czechia
10%
Hungary
18.2%
Erjon Bogdani
1996
Albania
53.2%
Macedonia
12.7%
Switzerland
12.4%
Turkey
17.1%
Riadh Bouazizi
1995
Tunisia
50.5%
Iran
11.1%
Morocco
23%
Saudi Arabia
10.9%
Radek Bejbl
1995
Czechia
49.7%
Poland
11.1%
Slovakia
20.9%
Slovenia
14.8%
Karim Bagheri
1993
Iran
42.6%
Algeria
41.2%
Iraq
8.2%
Pakistan
3.8%
Christian Bolaños
2005
Costa Rica
42.3%
Ecuador
26.7%
Honduras
16.7%
Venezuela
10.6%
Hugo Broos
1974
Belgium
35.3%
Austria
21.8%
Germany
12.4%
Netherlands
26.1%
Mladen & Vladimir Božović
2007
Montenegro
25.6%
Bosnia and Herzegovina
31.2%
Croatia
15.5%
Serbia
23.2%
Roman Berezovsky
1996
Armenia
9.8%
Georgia
5.2%
Russia
55.9%
Ukraine
24.4%

You're not logged in!

Compare scores with friends on all Sporcle quizzes.
OR
Log In

You Might Also Like...

Show Comments

Extras

Top Quizzes Today


Score Distribution

Your Account Isn't Verified!

In order to create a playlist on Sporcle, you need to verify the email address you used during registration. Go to your Sporcle Settings to finish the process.

Report this User

Report this user for behavior that violates our Community Guidelines.

Details: